UM Logo

Until death do us part : (Record no. 20655)

MARC details
000 -LEADER
fixed length control field 01006nam a22002177a 4500
005 - DATE AND TIME OF LATEST TRANSACTION
control field 20260305111937.0
008 - FIXED-LENGTH DATA ELEMENTS--GENERAL INFORMATION
fixed length control field 240820b ||||| |||| 00| 0 eng d
082 ## - DEWEY DECIMAL CLASSIFICATION NUMBER
Classification number DPer 155.205 J826 October-December 2020 v. 119 n. 4-6
100 ## - MAIN ENTRY--PERSONAL NAME
Personal name Wunsche, Jenna.
Dates associated with a name author.
9 (RLIN) 58333
245 ## - TITLE STATEMENT
Title Until death do us part :
Remainder of title the codeveloment of life satisfaction in couples preceding the death of one partner /
Statement of responsibility, etc. Jenna Wunsche, Rebekka Weidmann, Alexander Grob.
260 ## - PUBLICATION, DISTRIBUTION, ETC. (IMPRINT)
Place of publication, distribution, etc. Washington, DC ;
Name of publisher, distributor, etc. American Psychological Association ,
Date of publication, distribution, etc. October 2020.
300 ## - PHYSICAL DESCRIPTION
Extent Volume 119, pages 881-900 :
Other physical details illustration ;
Dimensions 28 cm.
500 ## - GENERAL NOTE
General note Journal of Personality and Social Psychology, vol. 119, no. 4, pages 881-900, October 2020.
650 ## - SUBJECT ADDED ENTRY--TOPICAL TERM
Topical term or geographic name as entry element Interpersonal relations.
9 (RLIN) 61130
650 ## - SUBJECT ADDED ENTRY--TOPICAL TERM
Topical term or geographic name as entry element Personality.
9 (RLIN) 61131
650 ## - SUBJECT ADDED ENTRY--TOPICAL TERM
Topical term or geographic name as entry element Adjustment (Psychology).
9 (RLIN) 61132
700 ## - ADDED ENTRY--PERSONAL NAME
Personal name Wunsche, Jenna.
Relator term author.
9 (RLIN) 58334
700 ## - ADDED ENTRY--PERSONAL NAME
Personal name Weidmann, Rebekka.
Relator term author.
9 (RLIN) 58335
700 ## - ADDED ENTRY--PERSONAL NAME
Personal name Grob, Alexander.
Relator term author.
9 (RLIN) 58336
942 ## - ADDED ENTRY ELEMENTS (KOHA)
Source of classification or shelving scheme Dewey Decimal Classification
Koha item type Periodicals
Holdings
Withdrawn status Lost status Source of classification or shelving scheme Damaged status Not for loan Collection code Home library Current library Date acquired Total Checkouts Full call number Date last seen Price effective from Koha item type Public note
    Dewey Decimal Classification     Periodicals UM Digos College - LIC UM Digos College - LIC 08/20/2024   DPer 155.205 J826 October-December 2020 v. 119 n. 4-6 08/20/2024 08/20/2024 Periodicals Periodical Article